| 000 | 01264nam2a22002411 4500 | ||
|---|---|---|---|
| 001 | rc\566424 | ||
| 005 | 20250621232659.0 | ||
| 035 | _a(NLR Aleph) 005976303 | ||
| 090 |
_a6982074 _c6982074 |
||
| 100 | _a20070321d1987 |||y0rusy50 ca | ||
| 101 | 0 | _arus | |
| 102 | _aRU | ||
| 105 | _aa ||||||||| | ||
| 200 | 1 |
_aБелорусская ССР _f[Подгот. к. т. н. И.А. Савиковским, З.Х. Таутиевой, к. г. н. Г.В. Волобуевой и др. _gРедкол.: д. г. н. Е.П. Борисенков (пред.)] |
|
| 210 |
_d1987 _aБ. м. |
||
| 215 |
_a302 с. _cил. _d24 |
||
| 320 | _aБиблиогр.: с. 302 | ||
| 461 | 0 |
_1001rc\1188567 _12001#$aНаучно-прикладной справочник по климату СССР$eСер. 3. Многолет. данные$fГос. ком. СССР по гидрометеорологии$vВып. 7 _96956875 _cЛ. _d1987- _fГос. ком. СССР по гидрометеорологии _nГидрометеоиздат _oСер. 3. Многолет. данные _tНаучно-прикладной справочник по климату СССР _vВып. 7 |
|
| 801 | 0 |
_aRU _bNLR _gpsbo |
|
| 801 | 1 |
_aRU _bELAR _2rusmarc |
|
| 852 |
_aNLR _j88-7/36 |
||
| 942 | _cBOOK | ||
| 980 | _aNB | ||